00597cam a2200205 a 450000100060000000300080000600500170001400800410003102000150007203500140008704000320010104100080013308200270014124500620016826000700023030000320030065000220033270000160035470000210037014936BD-RjUL20211208235723.0140208s1996 iixa b 001 0 eng d a8171410847 a(BD-RjUL) aDLCcDLCdDLCdBD-RjULbeng aeng00a658.848219bEXP 199600aExport management /cedited by M.K.Singh, Anant Mahadevan aNew Delhi :bDiscovery publishing house,c1996.[reprinted 2010]. axiv, 268p. :bill. ;c21cm. 0aExport marketing. aSingh, M.K. aMahadevan, Anant